000 01037nam a2200301 i 4500
003 DO-SdBNP
005 20250703091558.0
007 ta
008 250703t2025 dr 001 0 spa d
020 _a9789945293845
040 _aDO-SdBNP
_bspa
_cBNPHU
_erda
041 _hspa
082 _axxxx
_bC348
_222
100 1 _aCastellanos, Tiberio
_d1926-
_eautor
_4aut.
_938002
245 1 3 _aEl coraje de vivir :
_bdescargas y divagaciones de un hombre afortunado /
_cTiberio Castellanos ; prólogo, Médar Serrata
250 _aPrimera edición
264 _aSanto Domingo :
_bAtlantis press,
_bEditora Ortega,
_c2025.
300 _a355 páginas
_c23 cm.
336 _atexto
_btxt
_2rdacontent
337 _asin mediación
_bn
_2rdamedia
338 _avolumen
_bnc
_2rdacarrier
500 _aIncluye datos biografícos del autor en la solapa de la cubierta.
500 _aIncluye índice onomástico.
590 _aInventariado, 2025/ YL
700 1 _aSerrata, Médar
_eprólogo
_4pr.
_988237
910 _aYLockward
942 _2ddc
_cLBS1
999 _c59421
_d59421